<?xml version='1.0' encoding='UTF-8'?>
  <record xmlns="http://www.loc.gov/MARC21/slim">
    <leader>00000cam a22000007i 4500</leader>
    <controlfield tag="001">ocm68602340</controlfield>
    <controlfield tag="003">OCoLC</controlfield>
    <controlfield tag="005">20250823144438.5</controlfield>
    <controlfield tag="008">970318s1661    ne            000 0 dut d</controlfield>
    <datafield tag="040" ind1=" " ind2=" ">
      <subfield code="a">NLGGC</subfield>
      <subfield code="b">dut</subfield>
      <subfield code="e">fobidrtb</subfield>
      <subfield code="c">NLGGC</subfield>
      <subfield code="d">OCLCO</subfield>
      <subfield code="d">OCLCQ</subfield>
    </datafield>
    <datafield tag="029" ind1="0" ind2=" ">
      <subfield code="a">NLGGC</subfield>
      <subfield code="b">156686406</subfield>
    </datafield>
    <datafield tag="029" ind1="1" ind2=" ">
      <subfield code="a">CHBIS</subfield>
      <subfield code="b">006187065</subfield>
    </datafield>
    <datafield tag="029" ind1="1" ind2=" ">
      <subfield code="a">CHVBK</subfield>
      <subfield code="b">171511042</subfield>
    </datafield>
    <datafield tag="035" ind1=" " ind2=" ">
      <subfield code="a">(OCoLC)68602340</subfield>
    </datafield>
    <datafield tag="041" ind1="1" ind2=" ">
      <subfield code="a">dut</subfield>
      <subfield code="h">ita</subfield>
    </datafield>
    <datafield tag="100" ind1="1" ind2=" ">
      <subfield code="a">Scamozzi, Vincenzo,</subfield>
      <subfield code="d">1548-1616.</subfield>
    </datafield>
    <datafield tag="245" ind1="1" ind2="0">
      <subfield code="a">Bouwkonstige wercken, begrepen in 8 boeken :</subfield>
      <subfield code="b">waar van het derde en seste boek voortkomen met hare beschrijvinge en platen, als zijnde de voornaamste de bouwkonst rakende : aangaande de andere boeken, daar van vertoonen wy alleenigh hare platen ... /</subfield>
      <subfield code="c">Vincent Scamozzi ; [uit het Italiaens overgeset].</subfield>
    </datafield>
    <datafield tag="246" ind1="3" ind2=" ">
      <subfield code="a">voorbeelt der algemeene bouwkonst</subfield>
    </datafield>
    <datafield tag="246" ind1="3" ind2=" ">
      <subfield code="a">idea della architettura universale</subfield>
    </datafield>
    <datafield tag="246" ind1="3" ind2=" ">
      <subfield code="a">Grontregulen der bow-const ofte de uytnementheyt vande vyf orders der architectura</subfield>
    </datafield>
    <datafield tag="260" ind1=" " ind2=" ">
      <subfield code="a">T'Amsterdam :</subfield>
      <subfield code="b">by Dancker Danckertse [etc.],</subfield>
      <subfield code="c">1661.</subfield>
    </datafield>
    <datafield tag="300" ind1=" " ind2=" ">
      <subfield code="a">.. p. :</subfield>
      <subfield code="b">ill. ;</subfield>
      <subfield code="c">36 cm.</subfield>
    </datafield>
    <datafield tag="336" ind1=" " ind2=" ">
      <subfield code="a">tekst</subfield>
      <subfield code="b">txt</subfield>
      <subfield code="2">rdacontent/dut</subfield>
    </datafield>
    <datafield tag="337" ind1=" " ind2=" ">
      <subfield code="a">zonder medium</subfield>
      <subfield code="b">n</subfield>
      <subfield code="2">rdamedia/dut</subfield>
    </datafield>
    <datafield tag="338" ind1=" " ind2=" ">
      <subfield code="a">band</subfield>
      <subfield code="b">nc</subfield>
      <subfield code="2">rdacarrier/dut</subfield>
    </datafield>
    <datafield tag="500" ind1=" " ind2=" ">
      <subfield code="a">Deze uitg. is samengesteld uit twee verschillende ed. van het derde (1658) en zesde boek (1661), elk met hun eigen titelp. en paginering resp. o.d.t.: Het voorbeelt der algemeene bouwkonst ... het derde boeck, in't eerste deel, en: Het voorbeelt der algemeene bouw-konst ... het seste boeck, in't tweede deel.</subfield>
    </datafield>
    <datafield tag="500" ind1=" " ind2=" ">
      <subfield code="a">Het derde boek heeft de paginering van de Italiaanse ed.</subfield>
    </datafield>
    <datafield tag="500" ind1=" " ind2=" ">
      <subfield code="a">Titel op titelgravure die voorafgaat aan titelp. van het zesde boek: L'idea della architettura universale = Grontregulen der bow-const ofte de uytnementheyt vande vyf orders der architectura.</subfield>
    </datafield>
    <datafield tag="500" ind1=" " ind2=" ">
      <subfield code="a">De platen van het vierde, vijfde, zevende en achtste boek met eigen titelp. resp. o.d.t.: Bouwkonstige platen van 't vierde en vyfde boeck, waar van de beschryvingen in haare eigene tale zelfs verlooren zijn, en: Bouwkonstige platen van 't sevende en achtste boeck, handelende van de messelkonst, en van houte bruggen over snelloopende rivieren.</subfield>
    </datafield>
    <datafield tag="510" ind1="0" ind2=" ">
      <subfield code="a">Fowler 295 (vgl.)</subfield>
    </datafield>
    <datafield tag="530" ind1=" " ind2=" ">
      <subfield code="a">Titel is geselecteerd voor digitalisering voor de Universiteit van Leiden in het kader van het Google Books-project.</subfield>
    </datafield>
    <datafield tag="776" ind1="0" ind2=" ">
      <subfield code="t">Bouwkonstige wercken, begrepen in 8 boeken</subfield>
      <subfield code="w">(NL-LeOCL)411610945</subfield>
    </datafield>
    <datafield tag="936" ind1=" " ind2=" ">
      <subfield code="a">BATCHLOAD</subfield>
    </datafield>
  </record>